[Event "FIDE Grand Swiss 2021"]
[Site "Riga"]
[Date "04.11.2021"]
[Round "8"]
[White "Abasov, Nijat"]
[Black "Antipov, Mikhail Al."]
[Result "0-1"]
[WhiteElo "2638"]
[BlackElo "2619"]

1. Nf3 Nf6 2. c4 c5 3. Nc3 e6 4. g3 b6 5. Bg2 Bb7 6. O-O Be7 7. d4 cxd4 8.
Qxd4 d6 9. b3 O-O 10. Rd1 Nbd7 11. Bb2 a6 12. e4 Qc7 13. a4 Rac8 14. h3
Rfd8 15. Qe3 Bf8 16. Rac1 Qb8 17. Ba3 Nc5 18. Nd2 Qa8 19. b4 Ncd7 20. Qe2
g6 21. Kh2 Re8 22. f4 h5 23. g4 hxg4 24. hxg4 Qb8 25. Rf1 Nh7 26. g5 Rc7
27. Qg4 Qd8 28. Bb2 Bg7 29. Ba1 e5 30. Nd5 Bxd5 31. exd5 exf4 32. Bxg7 Kxg7
33. Qxf4 Ne5 34. Ne4 Nd3 35. Qh4 Rxe4 36. Qxe4 Nxc1 37. Qd4+ Kg8 38. Rxc1
Qxg5 39. Re1 Nf6 40. Bh3 b5 41. axb5 axb5 42. c5 dxc5 43. bxc5 Rxc5 44.
Qxc5 Qd2+ 45. Bg2 Qxe1 46. Qxb5 Qe5+ 47. Kg1 Ng4 48. Qb6 Qe1+ 49. Bf1 Qg3+
50. Bg2 Ne3 0-1

[Event "FIDE Grand Swiss 2021"]
[Site "Riga"]
[Date "04.11.2021"]
[Round "8"]
[White "Dreev, Aleksey"]
[Black "Henriquez Villagra, Cristobal"]
[Result "1/2-1/2"]
[WhiteElo "2635"]
[BlackElo "2608"]

1. d4 Nf6 2. c4 g6 3. Nc3 Bg7 4. e4 d6 5. Be2 O-O 6. Be3 Na6 7. h4 h5 8. f3
c5 9. Qd2 cxd4 10. Bxd4 Nb4 11. Nh3 Bxh3 12. Rxh3 Nc6 13. Bxf6 Bxf6 14. g4
Bxc3 15. Qxc3 hxg4 16. fxg4 Qa5 17. Qxa5 Nxa5 18. Rc1 Rfc8 19. Kd2 Rc7 20.
h5 Rac8 21. b3 Nc6 22. hxg6 fxg6 23. Rch1 Kf7 24. Rh7+ Ke6 25. Ke3 Ne5 26.
Rh8 Kf6 27. Kf4 Nf7 28. Rxc8 Rxc8 29. b4 b6 30. Rc1 Ng5 31. Rh1 Ra8 32. e5+
dxe5+ 33. Ke3 a5 34. c5 axb4 35. Rf1+ Ke6 36. Bc4+ Kd7 37. cxb6 Kc6 38. b7
Ra3+ 39. Bb3 Kxb7 40. Rc1 Ra5 41. Rc4 Rb5 42. Ba4 Rb6 43. Rc5 Nf7 44. Bb3
e6 45. Ke4 Kb8 46. Ke3 Kb7 47. Ke4 g5 48. Ke3 Nh6 49. Kf3 e4+ 50. Kxe4 Nxg4
51. Rxg5 Nf6+ 52. Kd4 Nd5 1/2-1/2

[Event "FIDE Grand Swiss 2021"]
[Site "Riga"]
[Date "04.11.2021"]
[Round "8"]
[White "Kravtsiv, Martyn"]
[Black "Moussard, Jules"]
[Result "1/2-1/2"]
[WhiteElo "2625"]
[BlackElo "2632"]

1. e4 e5 2. Nf3 Nf6 3. Nc3 Nc6 4. a4 g6 5. d4 exd4 6. Nxd4 Bg7 7. Nxc6 bxc6
8. Bc4 O-O 9. O-O d6 10. Bg5 h6 11. Bf4 Re8 12. Re1 Rb8 13. Rb1 Be6 14. Bd3
Ng4 15. Qd2 Qf6 16. h3 g5 17. Bg3 Ne5 18. Be2 Ng6 19. Nd1 Nf4 20. Bf1 Rb7
21. b3 Bd7 22. f3 Qd4+ 23. Qxd4 Bxd4+ 24. Bf2 Bxf2+ 25. Kxf2 h5 26. Nb2 h4
27. Rbd1 f6 28. Nc4 Rbb8 29. Nb2 c5 30. Nd3 Be6 31. g3 hxg3+ 32. Kxg3 Nh5+
33. Kf2 Kf7 34. Be2 Rh8 35. Rh1 Nf4 36. Ke3 Nxh3 37. f4 gxf4+ 38. Nxf4 Nxf4
39. Kxf4 Rbg8 40. a5 Ke7 41. Bf3 Kf8 42. Rb1 Rxh1 43. Rxh1 Rg5 44. Rb1 Ke7
45. Rh1 Bg8 46. Rb1 Bf7 47. c3 Bh5 48. Rh1 Bxf3 49. Kxf3 Kd7 50. Rh8 Kc6
51. Rb8 Rg1 52. Ke3 Ra1 53. Kd3 Rd1+ 54. Kc2 Rf1 55. a6 Rf2+ 56. Kd3 Rf3+
57. Kd2 Rf2+ 58. Kd3 Rf3+ 59. Kd2 c4 60. bxc4 Rf2+ 61. Kd3 Ra2 62. Rf8 Rxa6
63. Rxf6 Ra5 64. Kd4 Rc5 65. Rf8 Rh5 66. Rb8 a5 67. Kd3 Kd7 68. Ra8 Rg5 69.
Kc2 Kc6 70. Rb8 Rc5 71. Kd3 Rh5 72. Kc2 Rh2+ 73. Kb3 Rh1 74. Rb5 Rb1+ 75.
Ka4 Ra1+ 76. Kb3 a4+ 77. Kb2 Re1 78. Ra5 Re2+ 79. Ka3 Rc2 80. e5 dxe5 81.
Rxe5 Rxc3+ 82. Kb4 Rc1 83. Re6+ Kb7 84. Kxa4 Rxc4+ 85. Kb3 Rc6 86. Re5 Kb6
87. Kb4 Rc1 88. Re6+ c6 89. Rh6 Rb1+ 90. Kc4 Rg1 91. Rh5 Rg4+ 92. Kc3 c5
93. Rh8 Rg3+ 94. Kc4 Rg4+ 95. Kc3 Rg3+ 96. Kc4 1/2-1/2

[Event "FIDE Grand Swiss 2021"]
[Site "Riga"]
[Date "04.11.2021"]
[Round "8"]
[White "Nguyen, Thai Dai Van"]
[Black "Durarbayli, Vasif"]
[Result "1/2-1/2"]
[WhiteElo "2577"]
[BlackElo "2629"]

1. c4 c6 2. Nc3 d5 3. d4 Nf6 4. cxd5 cxd5 5. Bf4 Nc6 6. e3 a6 7. Be2 Bf5 8.
Nf3 e6 9. Qb3 Nh5 10. Qxb7 Na5 11. Qc7 Nxf4 12. Qxd8+ Rxd8 13. exf4 Rb8 14.
Nd1 Bb4+ 15. Kf1 Ke7 16. Ne3 Be4 17. Ng5 Bg6 18. f5 Bxf5 19. Nxf5+ exf5 20.
Nf3 Bd6 21. b3 Rb6 22. Bd3 Kf6 23. g3 Nc6 24. Rc1 g5 25. h3 h5 26. Kg2 Re8
27. Rhd1 g4 28. Nh4 f4 29. hxg4 hxg4 30. gxf4 Nxd4 31. Kg3 Rb4 32. Ng2 a5
33. Rh1 Ne6 34. Rh6+ Ke7 35. Re1 Kd8 36. Rf6 Ke7 37. Rh6 Kd8 38. Rf6 Ke7
1/2-1/2

[Event "FIDE Grand Swiss 2021"]
[Site "Riga"]
[Date "04.11.2021"]
[Round "8"]
[White "Suleymanli, Aydin"]
[Black "Gelfand, Boris"]
[Result "1/2-1/2"]
[WhiteElo "2541"]
[BlackElo "2680"]

1. d4 Nf6 2. c4 e6 3. Nc3 Bb4 4. Qc2 O-O 5. a3 Bxc3+ 6. Qxc3 d5 7. Bg5 h6
8. Bxf6 Qxf6 9. Nf3 dxc4 10. Qxc4 Nc6 11. Qc3 Re8 12. e3 e5 13. Nxe5 Nxe5
14. dxe5 Qxe5 15. Qxe5 Rxe5 16. O-O-O Be6 17. Kb1 Kf8 18. Be2 Bd5 19. Rhg1
Ke7 20. Bd3 Rd8 21. Bc2 Rd6 22. Rd3 Be4 23. Rxd6 Bxc2+ 24. Kxc2 Rc5+ 25.
Kd3 Kxd6 26. e4 a5 27. b4 axb4 28. axb4 Rh5 29. h3 Rb5 30. Rd1 c5 31. Kc4+
Kc6 32. bxc5 Rxc5+ 33. Kb3 Re5 34. Rd4 b5 35. f3 Re8 36. Rd5 Ra8 37. Rf5
Ra7 38. h4 f6 1/2-1/2

[Event "FIDE Grand Swiss 2021"]
[Site "Riga"]
[Date "04.11.2021"]
[Round "8"]
[White "Van Foreest, Jorden"]
[Black "Adly, Ahmed"]
[Result "1-0"]
[WhiteElo "2691"]
[BlackElo "2602"]

1. e4 c6 2. d4 d5 3. e5 Bf5 4. h4 h5 5. Bd3 Bxd3 6. Qxd3 Qa5+ 7. b4 Qxb4+
8. Nd2 e6 9. Rb1 Qa5 10. Rxb7 c5 11. Nh3 Nd7 12. O-O Qa4 13. c4 Qc6 14. Rb1
Nh6 15. cxd5 Qxd5 16. Nc4 Nf5 17. Nf4 Qxd4 18. Qe2 Rd8 19. Rd1 Ng3 20. Qc2
Qe4 21. Qxe4 Nxe4 22. Ne2 Nb6 23. Rxd8+ Kxd8 24. Nxb6 axb6 25. f3 c4 26.
fxe4 Bc5+ 27. Kf1 Kc7 28. Nc3 Kc6 29. Ke2 Rd8 30. Bf4 f6 31. Rd1 Ra8 32. a4
Bb4 33. Rd4 Bxc3 34. Rxc4+ Kd7 35. Rxc3 Rxa4 36. Kf3 b5 37. exf6 gxf6 38.
Rc7+ Ke8 39. Rb7 Ra3+ 40. Be3 Rb3 41. Rh7 1-0

[Event "FIDE Grand Swiss 2021"]
[Site "Riga"]
[Date "04.11.2021"]
[Round "8"]
[White "Bartel, Mateusz"]
[Black "Adhiban, Baskaran"]
[Result "1/2-1/2"]
[WhiteElo "2597"]
[BlackElo "2672"]

1. d4 Nf6 2. Bf4 g6 3. Nc3 d5 4. Nb5 Na6 5. e3 Bg7 6. Nf3 O-O 7. h3 c6 8.
Nc3 Qb6 9. Rb1 c5 10. Be5 cxd4 11. Qxd4 Qxd4 12. Nxd4 e6 13. Bb5 Rd8 14.
Bxa6 bxa6 15. Nc6 Re8 16. Bd4 Bd7 17. Ne5 Rec8 18. O-O Bb5 19. Rfd1 Ne8 20.
a4 Bc6 21. Nxc6 Rxc6 22. Bxg7 Kxg7 23. e4 dxe4 24. Nxe4 Rxc2 25. Rd7 Nf6
26. Nxf6 Kxf6 27. b4 Rac8 28. Rxa7 Rc1+ 29. Rxc1 Rxc1+ 30. Kh2 Rb1 31. Rxa6
1/2-1/2

[Event "FIDE Grand Swiss 2021"]
[Site "Riga"]
[Date "04.11.2021"]
[Round "8"]
[White "Cheparinov, Ivan"]
[Black "Goryachkina, Aleksandra"]
[Result "1-0"]
[WhiteElo "2659"]
[BlackElo "2602"]

1. d4 d5 2. c4 c6 3. Nf3 Nf6 4. Nc3 dxc4 5. a4 e6 6. e3 c5 7. Bxc4 cxd4 8.
exd4 Nc6 9. O-O Be7 10. Qe2 O-O 11. Be3 b6 12. Rad1 Nb4 13. Ne5 Bb7 14. f4
Ne4 15. f5 exf5 16. Qh5 Nd5 17. Nxe4 g6 18. Qh6 fxe4 19. Nxf7 Qd7 20. Ng5
Bxg5 21. Bxg5 e3 22. Bxe3 Qxa4 23. b3 Qd7 24. Qh4 b5 25. Bh6 bxc4 26. Bxf8
Rxf8 27. Rxf8+ Kxf8 28. bxc4 Ne7 29. d5 Nf5 30. Qf6+ Kg8 31. Re1 Qc8 32.
Kh1 Qf8 33. Qe5 h5 34. Qc7 Qf7 35. Qb8+ Kg7 36. Qxa7 h4 37. Rb1 Bc8 38. Qb8
Qe8 39. Qc7+ Kh6 40. Qf4+ g5 41. Qf3 g4 42. Qc3 h3 43. Re1 hxg2+ 44. Kxg2
Qf8 45. Kh1 Kg6 46. Qe5 Bd7 47. Qf4 Kh5 48. Re4 Qg8 49. h3 Qh8 50. hxg4+
Kg6+ 51. Kg2 Qb2+ 52. Qf2 Qxf2+ 53. Kxf2 Nh6 54. Kg3 Kg5 55. Re5+ Kf6 56.
Rh5 Nxg4 57. Kf4 Nf2 58. Ke3 Ng4+ 59. Kd4 Ke7 60. Rh7+ Kd8 61. c5 Nf6 62.
Rf7 Ne8 63. c6 Bg4 64. Kc5 Bh3 65. d6 Be6 66. Ra7 Nf6 67. Ra8+ Bc8 68. Kd4
1-0

[Event "FIDE Grand Swiss 2021"]
[Site "Riga"]
[Date "04.11.2021"]
[Round "8"]
[White "Rakhmanov, Aleksandr"]
[Black "Georgiev, Kiril"]
[Result "1-0"]
[WhiteElo "2657"]
[BlackElo "2577"]

1. c4 Nf6 2. Nc3 c5 3. Nf3 Nc6 4. g3 d5 5. d4 e6 6. cxd5 exd5 7. Bg2 Be7 8.
O-O O-O 9. Bg5 cxd4 10. Nxd4 h6 11. Be3 Re8 12. Rc1 Bf8 13. Nxc6 bxc6 14.
Bd4 Nd7 15. Na4 Ba6 16. Re1 Bb5 17. Nc3 Bc4 18. b3 Ba6 19. Na4 Bb5 20. Nc3
Ba6 21. Na4 Bb5 22. Ba1 Rc8 23. Bh3 Rb8 24. Bf5 Bxa4 25. bxa4 Nc5 26. Bb1
Qa5 27. e3 Re6 28. Bf5 Ree8 29. Bb1 Re6 30. Bf5 Ree8 31. Re2 Nxa4 32. Rxc6
Rb6 33. Rxb6 Nxb6 34. Bb1 Qb4 35. Rb2 Qc4 36. Rc2 Qb5 37. Rb2 Qc4 38. Bd3
Qc5 39. Rc2 Qa3 40. Bd4 Rc8 41. Rxc8 Nxc8 42. Bb1 Nb6 43. h4 h5 44. Kg2 Qb4
45. a3 Qb5 46. Bd3 Nc4 47. a4 Qa6 48. Qf3 Qh6 49. Qxd5 Nb6 50. Qb5 Nc8 51.
a5 Ne7 52. Bxa7 Qd6 53. Be4 1-0

[Event "FIDE Grand Swiss 2021"]
[Site "Riga"]
[Date "04.11.2021"]
[Round "8"]
[White "Gretarsson, Hjorvar Steinn"]
[Black "Paravyan, David"]
[Result "1/2-1/2"]
[WhiteElo "2577"]
[BlackElo "2642"]

1. d4 Nf6 2. c4 g6 3. Nc3 d5 4. cxd5 Nxd5 5. e4 Nxc3 6. bxc3 Bg7 7. Be3 c5
8. Nf3 Nc6 9. Qd2 cxd4 10. cxd4 Bg4 11. Rd1 O-O 12. Be2 Qa5 13. O-O Rac8
14. h3 Bxf3 15. Bxf3 Qxd2 16. Rxd2 Na5 17. Be2 Nc4 18. Bxc4 Rxc4 19. Rfd1
Rfc8 20. f4 Rc3 21. Kf2 Ra3 22. d5 Bc3 23. Rd3 Rxa2+ 24. Kf3 Bb4 25. e5 Rd8
26. Rb1 a5 27. Bb6 Rd7 28. Rc1 Ra3 29. Rxa3 Bxa3 30. Rc8+ Kg7 31. Ke4 Bb2
32. Rc2 Ba3 33. g4 f5+ 34. gxf5 gxf5+ 35. Kd4 e6 36. d6 Bxd6 37. Rg2+ Kh6
38. exd6 Rxd6+ 39. Kc5 Rd7 40. Re2 Rd3 41. Rxe6+ Kh5 42. Re7 h6 43. Bxa5
Rxh3 44. Rg7 Rd3 45. Kc4 Rd6 46. Rxb7 Kg4 47. Rg7+ Kf3 48. Bc7 Rd2 49. Kc3
Rd1 50. Be5 h5 51. Rg5 h4 52. Rxf5 h3 53. Rh5 Kg3 54. Rg5+ Kf3 55. Rh5 Kg3
56. Rh7 h2 57. f5+ Kg4 58. Rxh2 Kxf5 59. Bd4 Ke4 60. Re2+ Kd5 61. Re5+ Kd6
62. Rh5 Rc1+ 63. Kd3 Rd1+ 64. Ke4 Re1+ 65. Be3 Ke6 66. Rh6+ Ke7 67. Ra6 Re2
68. Kd4 Kf7 69. Bf4 Re6 70. Ra1 Re2 71. Kd5 Kf6 72. Rf1 Kf5 73. Be3+ Kg6
74. Rf3 Ra2 75. Bd4 Kg5 76. Ke4 Ra4 77. Rg3+ Kh4 78. Rg8 Rb4 79. Ke5 Kh3
80. Be3 Rg4 81. Ra8 Kg2 82. Bf4 Rg7 83. Ke4 Re7+ 84. Be5 Kf2 85. Ra2+ Ke1
86. Rb2 Re8 87. Kd4 Kf1 88. Bf4 Re2 89. Bd2 Kg2 90. Kd3 Kf3 91. Rb4 Re6 92.
Rf4+ Kg3 93. Be3 Ra6 94. Rf7 Kg4 95. Kd4 Ra4+ 96. Ke5 Ra5+ 97. Ke4 Ra4+ 98.
Bd4 Rb4 99. Ra7 Kg5 100. Rc7 Kg4 101. Rc1 Ra4 102. Ke5 Ra5+ 103. Bc5 Ra4
104. Bd4 1/2-1/2

[Event "FIDE Grand Swiss 2021"]
[Site "Riga"]
[Date "04.11.2021"]
[Round "8"]
[White "Miezis, Normunds"]
[Black "Kovalev, Vladislav"]
[Result "0-1"]
[WhiteElo "2467"]
[BlackElo "2634"]

1. c4 g6 2. Nc3 Bg7 3. g3 e5 4. Bg2 d6 5. e4 Nc6 6. Nge2 f5 7. d3 Nge7 8.
O-O O-O 9. f4 Be6 10. Nd5 Rb8 11. a4 a5 12. Nec3 h6 13. Be3 exf4 14. gxf4
Nb4 15. Qd2 Qd7 16. Rae1 Rbe8 17. b3 c6 18. Nxb4 axb4 19. Ne2 c5 20. e5 Rd8
21. d4 cxd4 22. Qxd4 dxe5 23. Qxd7 Rxd7 24. fxe5 g5 25. Nd4 Kf7 26. Bh3
Rfd8 27. Nxf5 Bxf5 28. e6+ Kg6 29. Bxf5+ Nxf5 30. exd7 Nxe3 31. Rxe3 Bd4
32. Kf2 Rxd7 33. Ke2 Bxe3 34. Kxe3 h5 35. Rf8 h4 36. Rg8+ Kf5 37. h3 Rd1
38. Rf8+ Ke6 39. Re8+ Kd7 40. Rg8 Rb1 41. Kd4 Rxb3 42. Rg7+ Kc8 43. Rg8+
Kc7 44. Rg7+ Kb8 45. Kc5 Ka7 46. a5 Rxh3 47. Kxb4 Rg3 48. Kb5 h3 49. a6
Rb3+ 50. Kc5 Rb1 51. Rh7 g4 52. axb7 Rxb7 53. Rh4 Rg7 54. Kd6 g3 55. c5 g2
56. Ra4+ Kb8 57. Rb4+ Kc8 0-1

[Event "FIDE Grand Swiss 2021"]
[Site "Riga"]
[Date "04.11.2021"]
[Round "8"]
[White "Martirosyan, Haik M."]
[Black "Neiksans, Arturs"]
[Result "1/2-1/2"]
[WhiteElo "2624"]
[BlackElo "2570"]

1. d4 Nf6 2. c4 e6 3. Nf3 b6 4. g3 Bb7 5. Bg2 Be7 6. O-O O-O 7. Nc3 Ne4 8.
Bd2 Bf6 9. Rc1 d6 10. Ne1 Nxc3 11. Bxc3 Bxg2 12. Nxg2 c5 13. Ne3 Qe7 14. d5
Nd7 15. dxe6 fxe6 16. Ng4 Rad8 17. Qd2 Bxc3 18. Rxc3 h5 19. Ne3 Nf6 20. Rd3
Qf7 21. f3 d5 22. cxd5 exd5 23. Nf5 d4 24. Qg5 Kh7 25. e4 dxe3 26. Rxe3 Qg6
27. h4 Qxg5 28. hxg5 Nd5 29. Re5 Rxf5 30. Rxf5 Ne3 31. Rf7 Nxf1 32. Kxf1
Rd2 33. Rxa7 Rxb2 34. a4 Kg6 35. a5 bxa5 36. Rxa5 Rc2 37. Ra7 c4 38. Ra5 c3
39. Rc5 Rd2 40. Rxc3 Kxg5 1/2-1/2

[Event "FIDE Grand Swiss 2021"]
[Site "Riga"]
[Date "04.11.2021"]
[Round "8"]
[White "Sethuraman, S.P."]
[Black "Van Foreest, Lucas"]
[Result "1-0"]
[WhiteElo "2620"]
[BlackElo "2543"]

1. d4 Nf6 2. c4 e6 3. Nc3 Bb4 4. g3 c5 5. Nf3 O-O 6. Bg2 d6 7. O-O Bxc3 8.
bxc3 Nc6 9. Bf4 Nh5 10. Bg5 Nf6 11. Nd2 h6 12. Bxf6 Qxf6 13. Bxc6 bxc6 14.
Ne4 Qe7 15. Qa4 cxd4 16. Qxc6 Bb7 17. Qxd6 Rae8 18. Qxe7 Rxe7 19. Nd6 dxc3
20. Rfc1 Rd8 21. c5 Ba6 22. Kf1 Rb8 23. Rxc3 Rb2 24. Nc4 Bxc4 25. Rxc4 Kf8
26. a4 Ke8 27. Rd1 Rc7 28. Rd6 Ke7 29. Ra6 Rd2 30. f4 Kd7 31. Ke1 Rd5 32.
e4 Rd3 33. e5 Ke7 34. Rd6 Rd5 35. Rxd5 exd5 36. Rc1 Kd7 37. Kd2 Kc6 38. Rb1
d4 39. Kd3 Kd5 40. Rb4 Rxc5 41. Rxd4+ Ke6 42. Rd6+ Kf5 43. Rd7 f6 44. Rxa7
fxe5 45. fxe5 Rc1 46. Rxg7 Ra1 47. Rf7+ Kxe5 48. Rf4 Ra3+ 49. Ke2 Ra2+ 50.
Kf3 Rxh2 51. Rh4 Ra2 52. Rh5+ Kf6 53. Rxh6+ Kg5 54. Rh4 Ra1 55. Rb4 Ra3+
56. Kf2 Ra2+ 57. Ke3 Ra3+ 58. Kd4 Rxg3 59. Kc5 Kf5 60. a5 Ke6 61. a6 Kd7
62. a7 Ra3 63. Kb6 Kc8 64. Rb5 Ra1 65. Rc5+ Kd7 66. Ra5 Ra2 1-0

[Event "FIDE Grand Swiss 2021"]
[Site "Riga"]
[Date "04.11.2021"]
[Round "8"]
[White "Zvjaginsev, Vadim"]
[Black "Vokhidov, Shamsiddin"]
[Result "1-0"]
[WhiteElo "2609"]
[BlackElo "2521"]

1. c4 e5 2. Nc3 Nf6 3. Nf3 Nc6 4. a3 d5 5. cxd5 Nxd5 6. Qc2 Nxc3 7. dxc3
Qf6 8. e4 Bc5 9. Be2 a5 10. O-O h6 11. Be3 Bxe3 12. fxe3 O-O 13. Bc4 Qe7
14. Qf2 Be6 15. Bd5 Bxd5 16. exd5 Nb8 17. b4 Nd7 18. e4 Ra6 19. Rae1 axb4
20. axb4 Rfa8 21. Nh4 g6 22. Qg3 Kh7 23. h3 Ra3 24. Kh2 R8a6 25. Rf3 Rf6
26. Ref1 Rxf3 27. Qxf3 Kg8 28. Qg4 Nf6 29. Qf3 Ne8 30. Qg4 Kh7 31. Qg3 Nd6
32. Nf3 Nc4 33. Rf2 Kg8 34. Nd2 Nd6 35. Qd3 Qg5 36. Nc4 Qh4 37. Rf1 Ra2 38.
Nxd6 cxd6 39. Qf3 Qe7 40. Qf6 Qxf6 41. Rxf6 Rc2 42. Rxd6 Rxc3 43. Rb6 Rc4
44. Rxb7 Rxe4 45. d6 Rd4 46. d7 Kf8 47. b5 Ke7 48. d8=Q+ Kxd8 49. Rxf7 Rb4
50. Rf6 Rxb5 51. Rxg6 h5 52. Rg5 Ke7 53. Rxh5 Kf6 54. g4 Rb2+ 55. Kg3 Ke6
56. Rh8 Rb1 57. Kh4 Kf7 58. Kg5 1-0

[Event "FIDE Grand Swiss 2021"]
[Site "Riga"]
[Date "04.11.2021"]
[Round "8"]
[White "Bjerre, Jonas Buhl"]
[Black "Jumabayev, Rinat"]
[Result "1/2-1/2"]
[WhiteElo "2569"]
[BlackElo "2658"]

1. e4 c6 2. d4 d5 3. e5 Bf5 4. Nd2 e6 5. Nb3 Nd7 6. Nf3 Qc7 7. Be2 c5 8. c3
Bg6 9. O-O Ne7 10. Nxc5 Nxc5 11. dxc5 Qxc5 12. Qa4+ Nc6 13. Bb5 Qb6 14. Nd4
a6 15. Be3 Bc5 16. Bxc6+ bxc6 17. Nxc6 Bxe3 18. Nd4+ Ke7 19. Qa3+ Kd7 20.
fxe3 Rhc8 21. Rf2 Qc5 22. Qa4+ Ke7 23. Raf1 Ra7 24. Qd1 Qc7 25. Nf3 Ke8 26.
Qa4+ Kf8 27. Ng5 Qxe5 28. Qd4 Qxd4 29. Nxe6+ Ke7 30. Nxd4 f6 31. Rd2 Rb7
32. Nb3 Be4 33. Kf2 Rcb8 34. Rc1 a5 35. Ke1 Kf7 36. Rd4 Bxg2 37. Ra4 Rb5
38. Rc2 Be4 39. Rd2 Ra8 40. Nd4 Rc5 41. Nb3 Rb5 42. Nd4 Rc5 43. Nb3 1/2-1/2

[Event "FIDE Grand Swiss 2021"]
[Site "Riga"]
[Date "04.11.2021"]
[Round "8"]
[White "Budisavljevic, Luka"]
[Black "Rakotomaharo, Fy Antenaina"]
[Result "1/2-1/2"]
[WhiteElo "2508"]
[BlackElo "2484"]

1. d4 Nf6 2. c4 e6 3. Nc3 d5 4. cxd5 exd5 5. Bg5 c6 6. e3 Be7 7. Bd3 O-O 8.
Qc2 h6 9. Bf4 Nh5 10. Be5 Nd7 11. h3 Nhf6 12. Bh2 c5 13. dxc5 Nxc5 14. Nf3
Nxd3+ 15. Qxd3 Qb6 16. Be5 Be6 17. O-O Rfd8 18. Bd4 Qb4 19. Rfc1 a5 20. a3
Qc4 21. Qd1 Qa6 22. a4 Rac8 23. Nb5 Ne8 24. Be5 Bb4 25. Nfd4 Bd7 26. Nc7
Qg6 27. Qf3 Qe4 28. Qg3 Bf8 29. Rc3 f6 30. Bf4 Bb4 31. Rcc1 Nxc7 32. Bxc7
Re8 33. b3 Kh7 34. Rc2 Qg6 35. Qxg6+ Kxg6 36. Rd1 Kf7 37. Kf1 Ke7 38. Ke2
h5 39. Rdc1 Ba3 40. Rd1 Bb4 41. Rdc1 Ba3 42. Rg1 Bb4 43. g4 Kf7 44. Kd3 Rh8
45. f3 1/2-1/2

[Event "FIDE Grand Swiss 2021"]
[Site "Riga"]
[Date "05.11.2021"]
[Round "9"]
[White "Anton Guijarro, David"]
[Black "Vachier-Lagrave, Maxime"]
[Result "1/2-1/2"]
[WhiteElo "2658"]
[BlackElo "2763"]

1. d4 Nf6 2. c4 g6 3. Nf3 Bg7 4. e3 O-O 5. Be2 c5 6. dxc5 Na6 7. O-O Nxc5
8. b4 Nfe4 9. Nd4 Ne6 10. Bb2 Qb6 11. a3 d5 12. Bf3 Nxd4 13. Bxd4 Bxd4 14.
Qxd4 Qxd4 15. exd4 Rd8 16. a4 Bf5 17. Re1 e5 18. cxd5 Ng5 19. Rxe5 Nxf3+
20. gxf3 Rac8 21. Nd2 Rc2 22. Ne4 Rc4 23. b5 Kf8 24. Rd1 b6 25. h4 h5 26.
Kg2 Rxa4 27. Kg3 Rb4 28. Kf4 Rxb5 29. Nf6 Kg7 30. Kg5 Rb3 31. Re3 Rb5 32.
Re5 Rb3 33. Re3 Rb5 34. Re5 1/2-1/2

[Event "FIDE Grand Swiss 2021"]
[Site "Riga"]
[Date "05.11.2021"]
[Round "9"]
[White "Howell, David W L"]
[Black "Korobov, Anton"]
[Result "1-0"]
[WhiteElo "2658"]
[BlackElo "2690"]

1. Nf3 Nf6 2. c4 e6 3. g3 b6 4. Bg2 Bb7 5. d4 Be7 6. O-O O-O 7. Re1 Na6 8.
Nc3 Ne4 9. Bd2 f5 10. Ne5 d6 11. Nd3 Bf6 12. Nxe4 fxe4 13. e3 e5 14. Qg4
Qc8 15. Qxc8 Raxc8 16. dxe5 dxe5 17. Bc3 Rfe8 18. b4 Rcd8 19. Rad1 Ba8 20.
Nc1 c5 21. b5 Nc7 22. h4 Ne6 23. Rxd8 Rxd8 24. Nb3 Rd3 25. Rc1 g5 26. Nd2
Nd4 27. Bf1 Rxd2 28. Bxd2 Nf3+ 29. Kg2 Nxd2 30. Rd1 Nxf1 31. Rd7 Nd2 32.
Rxd2 Bb7 33. Rd6 1-0

[Event "FIDE Grand Swiss 2021"]
[Site "Riga"]
[Date "05.11.2021"]
[Round "9"]
[White "Oparin, Grigoriy"]
[Black "Predke, Alexandr"]
[Result "1/2-1/2"]
[WhiteElo "2654"]
[BlackElo "2666"]

1. e4 e5 2. Nf3 Nc6 3. Bb5 a6 4. Ba4 Nf6 5. d3 d6 6. c3 Be7 7. O-O O-O 8.
Re1 Re8 9. Nbd2 Bf8 10. h3 b5 11. Bc2 h6 12. a4 b4 13. a5 d5 14. exd5 Nxd5
15. Ba4 Bd7 16. Ne4 bxc3 17. bxc3 Nf6 18. Ng3 Bd6 19. Nh4 e4 20. dxe4 Bxg3
21. fxg3 Nxe4 22. Qf3 Ne5 23. Qxe4 Nc6 24. Bxc6 Bxc6 25. Bg5 Bxe4 26. Bxd8
Raxd8 27. Ra4 Bd5 28. Rxe8+ Rxe8 29. Kf2 Re5 30. Nf3 Bxf3 31. gxf3 1/2-1/2

[Event "FIDE Grand Swiss 2021"]
[Site "Riga"]
[Date "05.11.2021"]
[Round "9"]
[White "Harikrishna, Pentala"]
[Black "Sevian, Samuel"]
[Result "1/2-1/2"]
[WhiteElo "2719"]
[BlackElo "2654"]

1. d4 Nf6 2. c4 e6 3. Nf3 d5 4. Nc3 Bb4 5. Bg5 h6 6. Bxf6 Qxf6 7. Qb3 c5 8.
cxd5 exd5 9. e3 O-O 10. dxc5 Bxc3+ 11. Qxc3 Qxc3+ 12. bxc3 Nd7 13. Rd1 Nf6
14. c4 dxc4 15. Bxc4 Bg4 16. Rc1 Bxf3 17. gxf3 Rac8 18. Ke2 Nd7 19. c6 Rxc6
20. Bb5 Rxc1 21. Rxc1 Nb6 22. Rc7 Rb8 23. Bd3 Nd5 24. Rc5 Nb4 25. Bc4 Nc6
26. Rf5 Rf8 27. f4 g6 28. Rb5 b6 29. Rb1 Rc8 30. Rd1 Kf8 31. Rd7 Ne5 32.
fxe5 Rxc4 33. Rxa7 Rc5 34. f4 Rc2+ 35. Kf3 Rxh2 36. Ra6 Ke7 37. a3 b5 38.
Ra7+ Ke6 39. Ra6+ Ke7 40. Ra5 Rb2 41. e4 Rb3+ 42. Kf2 b4 43. Ra7+ Ke6 44.
Ra6+ Ke7 45. axb4 Rxb4 46. Ke3 Rb3+ 47. Kd4 Rf3 48. f5 gxf5 49. exf5 Rxf5
50. Rxh6 1/2-1/2

[Event "FIDE Grand Swiss 2021"]
[Site "Riga"]
[Date "05.11.2021"]
[Round "9"]
[White "Alekseenko, Kirill"]
[Black "Sjugirov, Sanan"]
[Result "1/2-1/2"]
[WhiteElo "2710"]
[BlackElo "2663"]

1. e4 c5 2. Nf3 Nc6 3. Bb5 e6 4. O-O Nge7 5. d4 cxd4 6. Nxd4 Ng6 7. Nxc6
dxc6 8. Bc4 Qxd1 9. Rxd1 Bc5 10. a4 a5 11. Nd2 Ke7 12. Nf1 Bd7 13. g3 Rhd8
14. Kg2 f6 15. Bd2 Ne5 16. Be2 g5 17. Bc3 Nf7 18. Nd2 e5 19. Nb3 Bb6 20.
Nd2 Bc5 21. Nb3 Bb6 22. Nd2 Bc5 23. Nb3 1/2-1/2

[Event "FIDE Grand Swiss 2021"]
[Site "Riga"]
[Date "05.11.2021"]
[Round "9"]
[White "Yu, Yangyi"]
[Black "Najer, Evgeniy"]
[Result "1-0"]
[WhiteElo "2704"]
[BlackElo "2654"]

1. c4 e5 2. g3 d6 3. Nc3 f5 4. Bg2 Nf6 5. Nf3 Be7 6. O-O O-O 7. b4 Kh8 8.
d3 Qe8 9. a4 a5 10. b5 Nbd7 11. e3 Rb8 12. Ba3 b6 13. Nd2 Bb7 14. Bxb7 Rxb7
15. Qf3 Rb8 16. Rae1 Qg6 17. Qc6 e4 18. d4 Rbd8 19. f3 exf3 20. Nxf3 Nb8
21. Qxc7 Nbd7 22. Nh4 Qh5 23. Rxf5 g5 24. Ref1 Qh6 25. Nf3 Rc8 26. Qb7 Rxc4
27. Bb2 g4 28. Ng5 Kg8 29. Nd5 Bd8 30. Ne6 Rc2 31. R1f2 Rxf2 32. Rxf2 Ne4
33. Rxf8+ 1-0

[Event "FIDE Grand Swiss 2021"]
[Site "Riga"]
[Date "05.11.2021"]
[Round "9"]
[White "Petrosyan, Manuel"]
[Black "Maghsoodloo, Parham"]
[Result "1/2-1/2"]
[WhiteElo "2605"]
[BlackElo "2701"]

1. Nf3 Nf6 2. c4 e6 3. Nc3 d5 4. e3 Nbd7 5. b3 b6 6. Bb2 Bb7 7. Rc1 a6 8.
cxd5 exd5 9. d4 Bd6 10. g3 Qe7 11. Bg2 h5 12. Qc2 O-O-O 13. a3 Kb8 14. b4
Ne4 15. h4 Rh6 16. Nxe4 dxe4 17. Ng5 Re8 18. Qb3 f6 19. Nf7 Rh7 20. Nxd6
Qxd6 21. a4 Bd5 22. Qa3 Kb7 23. Bf1 Nb8 24. b5 Qxa3 25. Bxa3 axb5 26. axb5
Nd7 27. Kd2 Ra8 28. Ra1 f5 29. Be2 g6 30. Bb4 Rxa1 31. Rxa1 Nf6 32. Ra3 Ng4
33. Ke1 Nh2 34. Kd2 Rf7 35. Ra1 Ng4 36. Ke1 Nf6 37. Kd2 Rh7 38. Ra3 Ng4 39.
Ke1 Nh2 40. Kd2 Nf3+ 41. Kc3 Rh8 42. Bxf3 exf3 43. Be7 Rh7 44. Bg5 c6 45.
bxc6+ Bxc6 46. Bf4 Rd7 47. Kb2 Bd5 48. Kc3 Be6 49. Kb4 Bf7 50. Rc3 Bd5 51.
Ra3 Rd8 52. Bg5 Rd6 53. Bf4 Rd7 54. Kc3 Rd8 55. Kb4 Bc6 56. Kc3 Bb5 57. Kb4
Rd5 58. Kc3 Bd7 59. Bg5 Be6 60. Kb4 Bf7 61. Bf6 Be8 62. Kc3 Rd6 63. Be5 Rd8
64. Bf4 Rd5 65. Bg5 Bf7 66. Kb4 Be6 67. Bf6 Bd7 68. Kc3 Rd6 69. Be5 Rc6+
70. Kb2 Be6 71. Rc3 Bc4 72. Ka3 Bd5 1/2-1/2